ბათუმის შოთა რუსთაველის სახელმწიფო უნივერსიტეტის ბიბლიოთეკა

აღმოსავლეთი და დასავლეთი ქართულ ხალხურ ზღაპრებში : (ბიბ.ჩანაწერი № 60619)

000 -ლიდერი
ფიქსირებული სიგრძის საკონტროლო ველი 02470nam a22003137a 4500
003 - საკონტროლო ნომრის იდენტიფიკატორი
საკონტროლო ველი Ge_BSU
005 - ბოლო ოპერაციის თარიღი და დრო
საკონტროლო ველი 20230922110907.0
008 - ფიქსირებული სიგრძის მონაცემთა ელემენტები - ზოგადი ინფორმაცია
ფიქსირებული სიგრძის საკონტროლო ველი 230922s2019 ge ||||| |||| 00| 0 geo d
020 ## - წიგნის საერთაშორისო სტანდარტული ნომერი
International Standard Book Number 9789941809675
041 ## - ენის კოდი
Language code of text/sound track or separate title geo
080 ## - უნივერსალური ათობითი კლასიფიკაციის ინდექსი
Universal Decimal Classification number 821.353.1.09-91-34 ა-94
100 ## - მთავარი ჩანაწერი - პიროვნების სახელი
Personal name გოგიაშვილი, ელენე
9 (RLIN) 19881
245 ## - ცნობა სათაურის შესახებ
Title აღმოსავლეთი და დასავლეთი ქართულ ხალხურ ზღაპრებში :
Remainder of title ზეპირი და ლიტერატურული ტრადიციები /
Statement of responsibility, etc ავტორები: ელენე გოგიაშვილი (მთ. რედაქტორი), დარეჯან გარდავაძე, ანდრო გოგოლაძე, ნინო ქავთარაძე, თეა თათეშვილი ; ივანე ჯავახიშვილის სახელობის თბილისის სახელმწიფო უნივერსიტეტი.
264 ## - წარმოების, გამოცემის, დისტრიბუციის და სხვა ცნობები
გამოცემის, წარმოების, დისტრიბუციის... ადგილი თბილისი,
გამოცემის, წარმოების, დისტრიბუციის... თარიღი 2019.
300 ## - ფიზიკური აღწერა
Extent 368 გვ. :
Other physical details ილ. ;
Dimensions 23 სმ.
500 ## - ზოგადი შენიშვნა
General note პროექტი განხორციელდა შოთა რუსთაველის საქართველოს ეროვნული სამეცნიერო ფონდის ხელშეწყობით.
501 ## - შენიშვნა თანმხლებ მასალაზე
With note საძიებლები: გვ. 360-368.
504 ## - BIBLIOGRAPHY, ETC. NOTE
Bibliography, etc ბიბლიოგრაფია: გვ. 342-358.
520 ## - SUMMARY, ETC.
Summary, etc რეზიუმე ინგლ. ენაზე.
653 ## - INDEX TERM--UNCONTROLLED
Uncontrolled term ლიტერატურის ისტორია და კრიტიკა
653 ## - INDEX TERM--UNCONTROLLED
Uncontrolled term ქართული ხალხური ზღაპრები.
653 ## - INDEX TERM--UNCONTROLLED
Uncontrolled term ფოლკლორულ-ლიტერატურული სიუჟეტები.
700 ## - ADDED ENTRY--PERSONAL NAME
Personal name გარდავაძე, დარეჯან
Relator term ავტორი.
9 (RLIN) 19882
700 ## - ADDED ENTRY--PERSONAL NAME
Personal name გოგოლაძე, ანდრო
Relator term ავტორი
9 (RLIN) 19883
700 ## - ADDED ENTRY--PERSONAL NAME
Personal name ქავთარაძე, ნინო
Relator term ავტორი
9 (RLIN) 19884
700 ## - ADDED ENTRY--PERSONAL NAME
Personal name თათეშვილი, თეა
Relator term ავტორი.
9 (RLIN) 19885
710 ## - ADDED ENTRY--CORPORATE NAME
Corporate name or jurisdiction name as entry element ივანე ჯავახიშვილის სახელობის თბილისის სახელმწიფო უნივერსიტეტი.
9 (RLIN) 19886
942 ## - ADDED ENTRY ELEMENTS (KOHA)
Source of classification or shelving scheme
Koha item type წიგნი
ეგზემპლარები
ჩამოწერის სტატუსი დაკარგული ეგზემპლარის სტატუსი კლასიფიკაციის წყარო ან თაროზე გაწყობის სქემა დაზიანების სტატუსი არ გაიცემა მუდმივი მდებარეობა (დაცვის ადგილი) ამჟამინდელი ადგილსამყოფელი თაროზე განთავსების ადგილი შეძენის თარიღი ღირებულება, შესყიდვის ნორმალური ფასი სრული შენახვის შიფრი შტრიხკოდი ბოლო ოპერაციის თარიღი ეგზემპლარის მიმდევრობითი ნომერი (კეტერი?) Uniform Resource Identifier ფასის ძალაში შესვლის თარიღი ეგზემპლარის სახეობა საჯარო შენიშვნა
          ბათუმის შოთა რუსთაველის სახელმწიფო უნივერსიტეტის მთავარი ბიბლიოთეკა ბათუმის შოთა რუსთაველის სახელმწიფო უნივერსიტეტის მთავარი ბიბლიოთეკა წიგნსაცავი 2023-09-22 10.00 821.353.1.09-91-34 ა-94 29745 2023-09-22 29745 ნაჩუქარი 2023-09-22 წიგნი 10 ლ.